000 00628nam a2200217 a 4500
001 0001-2279
003 ELIB.Books
008 190813 2010 eng
020 _a9782825415757
092 _a291.172
_bPra
100 _aPratt, Douglas.
245 _aBeing open, Being Faithful
_bThe Journey of Interreligious Dialogue
260 _aGeneva
_bWorld Council of Churches Publications
_c2014
300 _a193
_c20.5cm
650 _aInterreligious Relations
856 _nKBTS Library
_uKBTS Elib
942 _2ddc
_cBK
990 _a1
998 _aEnglishbooks.elf
_ccat
_e2019-08-13
999 _c12279
_d12279